[Event "España tch 1A 2011"]
[Site "Sabadell ESP"]
[Date "2011.08.30"]
[Round "2.4"]
[White "Zarzo Lopez, Tomas"]
[Black "Gual Pascual, Antonio"]
[Result "1/2-1/2"]
[WhiteElo "2297"]
[BlackElo "2436"]
[PlyCount "81"]
[EventDate "2011.08.29"]
[EventType "team"]
[EventRounds "5"]
[EventCountry "ESP"]
[Source "lmi"]
[SourceDate "2011.08.29"]
[WhiteTeam "MERIDA PATRIMONIO - AJOBLANCO"]
[BlackTeam "ESCOLA D,ESCACS DE BARCELONA"]

1. d4 Nf6 2. c4 g6 3. Nc3 Bg7 4. e4 d6 5. Nf3 O-O 6. h3 e5 7. d5 a5 8. Bg5 Na6
9. g4 Qe8 10. Be2 Nd7 11. Nh4 Ndc5 12. Rg1 f6 13. Be3 Bd7 14. Qd2 b6 15. f3 Nb4
16. Nb5 Qe7 17. Nxc7 Rac8 18. Bxc5 bxc5 19. Nb5 f5 20. Ng2 fxe4 21. fxe4 Bxb5
22. cxb5 c4 23. Rc1 Bf6 24. Rxc4 Bg5 25. Qd1 Bh4+ 26. Kd2 Bg5+ 27. Ke1 Bh4+ 28.
Kd2 Qg5+ 29. Kc3 Nxa2+ 30. Kb3 Nb4 31. Rf1 Rxf1 32. Qxf1 Rxc4 33. Bxc4 Qd8 34.
Qe2 a4+ 35. Kxa4 Qa8+ 36. Kb3 Qa5 37. Qf1 Bd8 38. h4 Bb6 39. Qe2 Bc5 40. Qe1
Kf8 41. Qf1+ 1/2-1/2

[Event "España tch 1A 2011"]
[Site "Sabadell ESP"]
[Date "2011.08.31"]
[Round "3.1"]
[White "Gyimesi, Zoltan"]
[Black "Glud, Jakob Vang"]
[Result "1-0"]
[WhiteElo "2646"]
[BlackElo "2496"]
[PlyCount "61"]
[EventDate "2011.08.29"]
[EventType "team"]
[EventRounds "5"]
[EventCountry "ESP"]
[Source "lmi"]
[SourceDate "2011.08.29"]
[WhiteTeam "MERIDA PATRIMONIO - AJOBLANCO"]
[BlackTeam "C.A.  BINISSALEM"]

1. d4 d5 2. c4 c6 3. Nf3 Nf6 4. Nc3 a6 5. c5 Bf5 6. Bf4 Nbd7 7. e3 e6 8. Nd2
Be7 9. Be2 Bg6 10. b4 O-O 11. a4 Re8 12. O-O Bf8 13. Bg3 e5 14. Nb3 exd4 15.
exd4 Qc8 16. Rc1 Be7 17. b5 Bd8 18. b6 Nf8 19. Re1 Ne6 20. Na5 Ne4 21. Nxe4
Bxe4 22. Be5 Bg5 23. Rc3 Bf4 24. Bxf4 Nxf4 25. Bf1 Qd7 26. Rce3 Ne6 27. Qd2 Re7
28. Nc4 Bg6 29. Nd6 Rf8 30. f4 Be4 31. f5 1-0

[Event "España tch 1A 2011"]
[Site "Sabadell ESP"]
[Date "2011.08.31"]
[Round "3.2"]
[White "Fernandez Romero, Ernesto"]
[Black "Spraggett, Kevin"]
[Result "1/2-1/2"]
[WhiteElo "2479"]
[BlackElo "2573"]
[PlyCount "66"]
[EventDate "2011.08.29"]
[EventType "team"]
[EventRounds "5"]
[EventCountry "ESP"]
[Source "lmi"]
[SourceDate "2011.08.29"]
[WhiteTeam "C.A.  BINISSALEM"]
[BlackTeam "MERIDA PATRIMONIO - AJOBLANCO"]

1. e4 c5 2. c3 Nf6 3. e5 Nd5 4. d4 cxd4 5. Nf3 Nc6 6. cxd4 d6 7. Bc4 e6 8. O-O
Be7 9. Bd2 O-O 10. Nc3 Nb6 11. Bb3 dxe5 12. dxe5 Nd7 13. Qe2 Nc5 14. Rfd1 Qd3
15. Bc4 Qxe2 16. Nxe2 Rd8 17. a3 Na4 18. Rab1 Bd7 19. b4 Rac8 20. Bb3 b5 21.
Be3 Be8 22. Rxd8 Rxd8 23. Ned4 Nxd4 24. Nxd4 a5 25. bxa5 Ra8 26. Bc2 Rxa5 27.
Bd2 Ra8 28. Nxb5 Bxb5 29. Rxb5 Bxa3 30. h4 Nc5 31. Ra5 Rxa5 32. Bxa5 Bb2 33. f4
h5 1/2-1/2

[Event "España tch 1A 2011"]
[Site "Sabadell ESP"]
[Date "2011.08.31"]
[Round "3.3"]
[White "Llanes Hurtado, Miguel"]
[Black "Mirzoev, Azer"]
[Result "1/2-1/2"]
[WhiteElo "2484"]
[BlackElo "2415"]
[PlyCount "26"]
[EventDate "2011.08.29"]
[EventType "team"]
[EventRounds "5"]
[EventCountry "ESP"]
[Source "lmi"]
[SourceDate "2011.08.29"]
[WhiteTeam "MERIDA PATRIMONIO - AJOBLANCO"]
[BlackTeam "C.A.  BINISSALEM"]

1. d4 Nf6 2. c4 e6 3. Nf3 d5 4. g3 Bb4+ 5. Bd2 Be7 6. Bg2 O-O 7. O-O Nbd7 8.
Qc2 c6 9. Bf4 Nh5 10. Bc1 Nhf6 11. Bf4 Nh5 12. Bc1 Nhf6 13. Bf4 Nh5 1/2-1/2

[Event "España tch 1A 2011"]
[Site "Sabadell ESP"]
[Date "2011.08.31"]
[Round "3.4"]
[White "Mascaro March, Pedro"]
[Black "Zarzo Lopez, Tomas"]
[Result "1-0"]
[WhiteElo "2413"]
[BlackElo "2297"]
[PlyCount "47"]
[EventDate "2011.08.29"]
[EventType "team"]
[EventRounds "5"]
[EventCountry "ESP"]
[Source "lmi"]
[SourceDate "2011.08.29"]
[WhiteTeam "C.A.  BINISSALEM"]
[BlackTeam "MERIDA PATRIMONIO - AJOBLANCO"]

1. d4 d5 2. c4 dxc4 3. Nf3 a6 4. e3 b5 5. a4 Bb7 6. b3 e6 7. bxc4 bxc4 8. Bxc4
Nf6 9. O-O Nbd7 10. Nbd2 c5 11. Ba3 cxd4 12. Bxf8 Nxf8 13. Nxd4 Ng6 14. Rb1 Bd5
15. Qe2 Qa5 16. e4 Bxc4 17. Nxc4 Qc5 18. Nb3 Nf4 19. Qc2 Qg5 20. Nd6+ Ke7 21.
Qc7+ Nd7 22. g3 Qg4 23. Nd4 Qh3 24. gxf4 1-0

[Event "España tch 1A 2011"]
[Site "Sabadell ESP"]
[Date "2011.08.31"]
[Round "3.1"]
[White "Gonzalez Garcia, Jose"]
[Black "Moskalenko, Viktor"]
[Result "1/2-1/2"]
[WhiteElo "2522"]
[BlackElo "2591"]
[PlyCount "87"]
[EventDate "2011.08.29"]
[EventType "team"]
[EventRounds "5"]
[EventCountry "ESP"]
[Source "lmi"]
[SourceDate "2011.08.29"]
[WhiteTeam "UNIO GRACIENCA D'ESCACS"]
[BlackTeam "ESCOLA D,ESCACS DE BARCELONA"]

1. d4 d5 2. c4 c6 3. Nf3 Nf6 4. cxd5 cxd5 5. Nc3 Nc6 6. Bf4 a6 7. Rc1 Bf5 8. e3
Rc8 9. Be2 e6 10. O-O Bd6 11. Bxd6 Qxd6 12. Qb3 Rc7 13. Na4 O-O 14. Nc5 Rb8 15.
Rc3 Ne4 16. Nxe4 Bxe4 17. Rfc1 Bxf3 18. Bxf3 g6 19. Qb6 Rd7 20. Bd1 Ne7 21.
Qxd6 Rxd6 22. Rc7 Kf8 23. Ba4 Rdd8 24. Bc2 Rdc8 25. Bd3 Nc6 26. Rxc8+ Rxc8 27.
h4 Ke7 28. f3 Na7 29. Rxc8 Nxc8 30. g4 h6 31. g5 hxg5 32. hxg5 Nd6 33. Kf2 f6
34. gxf6+ Kxf6 35. Kg3 g5 36. Kf2 e5 37. dxe5+ Kxe5 38. b3 d4 39. Ke2 a5 40. a3
b6 41. Kd2 Nb7 42. b4 axb4 43. axb4 Nd8 44. Be4 1/2-1/2

[Event "España tch 1A 2011"]
[Site "Sabadell ESP"]
[Date "2011.08.31"]
[Round "3.2"]
[White "Oms Pallisse, Josep"]
[Black "Vila Gazquez, Xavier"]
[Result "1/2-1/2"]
[WhiteElo "2489"]
[BlackElo "2487"]
[PlyCount "74"]
[EventDate "2011.08.29"]
[EventType "team"]
[EventRounds "5"]
[EventCountry "ESP"]
[Source "lmi"]
[SourceDate "2011.08.29"]
[WhiteTeam "ESCOLA D,ESCACS DE BARCELONA"]
[BlackTeam "UNIO GRACIENCA D'ESCACS"]

1. d4 Nf6 2. c4 g6 3. Nc3 d5 4. Nf3 Bg7 5. cxd5 Nxd5 6. Na4 O-O 7. e4 Nb6 8.
Be2 Bg4 9. Be3 Nc6 10. d5 Ne5 11. Nxe5 Bxe2 12. Kxe2 Bxe5 13. f4 Bg7 14. Qb3
Nxa4 15. Qxa4 Qc8 16. Kf3 e6 17. dxe6 fxe6 18. Qc4 Bxb2 19. Rab1 Bg7 20. g3 b6
21. Rhd1 Kh8 22. Qc6 Rf7 23. Kg2 Qe8 24. Rbc1 e5 25. f5 Bf8 26. g4 Bd6 27.
Qxe8+ Rxe8 28. a4 gxf5 29. gxf5 Rg8+ 30. Kf3 Rfg7 31. a5 Rg2 32. axb6 axb6 33.
Bxb6 Rxh2 34. Rxc7 Rh3+ 35. Kf2 Rh2+ 36. Kf3 Rh3+ 37. Kf2 Rh2+ 1/2-1/2

[Event "España tch 1A 2011"]
[Site "Sabadell ESP"]
[Date "2011.08.31"]
[Round "3.3"]
[White "Fluvia Poyatos, Joan"]
[Black "Cruz, Cristhian"]
[Result "1-0"]
[WhiteElo "2482"]
[BlackElo "2470"]
[PlyCount "99"]
[EventDate "2011.08.29"]
[EventType "team"]
[EventRounds "5"]
[EventCountry "ESP"]
[Source "lmi"]
[SourceDate "2011.08.29"]
[WhiteTeam "UNIO GRACIENCA D'ESCACS"]
[BlackTeam "ESCOLA D,ESCACS DE BARCELONA"]

1. e4 e6 2. d4 d5 3. Nc3 Nf6 4. e5 Nfd7 5. f4 c5 6. Nf3 Nc6 7. Be3 a6 8. Qd2
cxd4 9. Nxd4 Bc5 10. O-O-O O-O 11. Qf2 Bxd4 12. Bxd4 b5 13. h4 Qc7 14. h5 b4
15. Na4 Nxd4 16. Qxd4 a5 17. h6 g6 18. Kb1 Ba6 19. Rc1 Qa7 20. Qxa7 Rxa7 21.
Bxa6 Rxa6 22. c4 bxc3 23. Rxc3 f6 24. Rc7 Rf7 25. Nc5 Nxc5 26. Rxc5 g5 27. fxg5
fxg5 28. Rc8+ Rf8 29. Rxf8+ Kxf8 30. Rh5 g4 31. Rg5 Ra7 32. Rxg4 Rf7 33. Ra4
Rf5 34. Rxa5 Kf7 35. a4 Rxe5 36. Rc5 Re1+ 37. Rc1 Re4 38. b3 e5 39. a5 Rb4 40.
Kb2 e4 41. a6 Rb8 42. a7 Ra8 43. Ra1 d4 44. Kc2 Ke6 45. Ra5 Kd6 46. g4 Kc6 47.
Kd2 Kb7 48. Ra4 Kb6 49. g5 Kb7 50. Rxd4 1-0

[Event "España tch 1A 2011"]
[Site "Sabadell ESP"]
[Date "2011.08.31"]
[Round "3.1"]
[White "Iturrizaga, Eduardo"]
[Black "Genov, Petar"]
[Result "1-0"]
[WhiteElo "2603"]
[BlackElo "2428"]
[PlyCount "80"]
[EventDate "2011.08.29"]
[EventType "team"]
[EventRounds "5"]
[EventCountry "ESP"]
[Source "lmi"]
[SourceDate "2011.08.29"]
[WhiteTeam "EQUIGOMA - CASA SOCIAL CATOLICA"]
[BlackTeam "CLUB AJEDREZ DE SILLA"]

1. c4 e6 2. Nf3 Nf6 3. g3 d5 4. b3 a5 5. Nc3 c6 6. Qc2 Na6 7. Bb2 Be7 8. Bg2
O-O 9. d4 Nb4 10. Qb1 c5 11. cxd5 cxd4 12. Nxd4 Nbxd5 13. Nxd5 Nxd5 14. a3 Qb6
15. O-O Bd7 16. Qd3 Rfd8 17. Rfd1 Bf6 18. Be4 h6 19. Rd2 Be8 20. Rad1 a4 21.
bxa4 Bxa4 22. Rb1 Qa5 23. Rc1 Rac8 24. Rxc8 Rxc8 25. Nf3 Bb5 26. Qb3 Bxb2 27.
Qxb2 Bc6 28. Ne5 Ra8 29. Nxc6 bxc6 30. Rd3 Qc7 31. Rb3 Nf6 32. Bd3 c5 33. Rb7
Qc8 34. Qb5 Nd5 35. Bc4 Nc3 36. Qb6 Ne4 37. Bd3 Nd6 38. Rc7 Qd8 39. Qxc5 Rxa3
40. Rc6 Ne8 1-0

[Event "España tch 1A 2011"]
[Site "Sabadell ESP"]
[Date "2011.08.31"]
[Round "3.2"]
[White "Martinez Villar, Jesus"]
[Black "Kovalyov, Anton"]
[Result "0-1"]
[WhiteElo "2096"]
[BlackElo "2612"]
[PlyCount "50"]
[EventDate "2011.08.29"]
[EventType "team"]
[EventRounds "5"]
[EventCountry "ESP"]
[Source "lmi"]
[SourceDate "2011.08.29"]
[WhiteTeam "CLUB AJEDREZ DE SILLA"]
[BlackTeam "EQUIGOMA - CASA SOCIAL CATOLICA"]

1. d4 Nf6 2. Nf3 e6 3. c4 b6 4. g3 c6 5. Bg2 d5 6. O-O Be7 7. Nc3 Nbd7 8. Qa4
Bb7 9. cxd5 exd5 10. Ne5 Nxe5 11. dxe5 Nd7 12. Rd1 O-O 13. f4 b5 14. Qc2 Qb6+
15. Kh1 Rfd8 16. e4 d4 17. Ne2 c5 18. b4 Rac8 19. Bb2 cxb4 20. Qb1 d3 21. Rxd3
Nc5 22. Rd5 Nxe4 23. Bd4 Qc6 24. Rxd8+ Rxd8 25. Qg1 Nc3 0-1

[Event "España tch 1A 2011"]
[Site "Sabadell ESP"]
[Date "2011.08.31"]
[Round "3.3"]
[White "Hernando Pertierra, Jose C"]
[Black "Penades Ordaz, Victor"]
[Result "1-0"]
[WhiteElo "2397"]
[BlackElo "2086"]
[PlyCount "83"]
[EventDate "2011.08.29"]
[EventType "team"]
[EventRounds "5"]
[EventCountry "ESP"]
[Source "lmi"]
[SourceDate "2011.08.29"]
[WhiteTeam "EQUIGOMA - CASA SOCIAL CATOLICA"]
[BlackTeam "CLUB AJEDREZ DE SILLA"]

1. Nf3 c5 2. b3 d5 3. e3 Nc6 4. Bb5 Bd7 5. Bb2 Nf6 6. O-O e6 7. Bxc6 Bxc6 8.
Ne5 Bb5 9. d3 Nd7 10. f4 Nxe5 11. fxe5 Bc6 12. Nd2 Qg5 13. Qf3 O-O-O 14. Qf4
Qxf4 15. Rxf4 Be8 16. h4 h6 17. Raf1 Rg8 18. d4 Be7 19. dxc5 g5 20. hxg5 hxg5
21. Rg4 Rg7 22. Bd4 Bb5 23. c4 Bc6 24. b4 dxc4 25. Nxc4 Bb5 26. Nd6+ Bxd6 27.
exd6 Rh7 28. Rf2 Rg8 29. Bf6 Rh5 30. a4 Bxa4 31. Ra2 Rg6 32. Rxa4 Rxf6 33. Rxa7
Kb8 34. Ra2 Rfh6 35. b5 e5 36. Rga4 Kc8 37. Ra8+ Kd7 38. R2a7 g4 39. c6+ Ke6
40. c7 g3 41. c8=Q+ Kf6 42. Qd8+ 1-0

[Event "España tch 1A 2011"]
[Site "Sabadell ESP"]
[Date "2011.08.31"]
[Round "3.4"]
[White "Leon Colan, Carlos Edmundo"]
[Black "Gonzalez De La Nava, Amador"]
[Result "0-1"]
[WhiteElo "1981"]
[BlackElo "2297"]
[PlyCount "46"]
[EventDate "2011.08.29"]
[EventType "team"]
[EventRounds "5"]
[EventCountry "ESP"]
[Source "lmi"]
[SourceDate "2011.08.29"]
[WhiteTeam "CLUB AJEDREZ DE SILLA"]
[BlackTeam "EQUIGOMA - CASA SOCIAL CATOLICA"]

1. d4 Nf6 2. Nf3 e6 3. g3 d5 4. a4 c5 5. c3 Nc6 6. Bg2 Be7 7. O-O O-O 8. Re1
cxd4 9. Nxd4 e5 10. Nc2 Be6 11. e3 Qd7 12. Qe2 Bg4 13. Bf3 h5 14. Rd1 Qf5 15.
Ne1 e4 16. Bxg4 hxg4 17. Nd2 Ne5 18. Nf1 Nf3+ 19. Kh1 g5 20. b3 Kg7 21. Bb2 Rh8
22. Ng2 Rh3 23. Rd2 Rah8 0-1

[Event "España tch 1A 2011"]
[Site "Sabadell ESP"]
[Date "2011.09.01"]
[Round "4.1"]
[White "Glud, Jakob Vang"]
[Black "Genov, Petar"]
[Result "1/2-1/2"]
[WhiteElo "2496"]
[BlackElo "2428"]
[PlyCount "105"]
[EventDate "2011.08.29"]
[EventType "team"]
[EventRounds "5"]
[EventCountry "ESP"]
[Source "lmi"]
[SourceDate "2011.08.29"]
[WhiteTeam "C.A.  BINISSALEM"]
[BlackTeam "CLUB AJEDREZ DE SILLA"]

1. d4 Nf6 2. Nf3 e6 3. c4 b6 4. g3 Bb7 5. Bg2 Bb4+ 6. Bd2 Bxd2+ 7. Qxd2 d6 8.
Nc3 Nbd7 9. O-O Ne4 10. Nxe4 Bxe4 11. Qe3 Nf6 12. Rfd1 O-O 13. Rac1 c6 14. Bf1
Rc8 15. Nd2 Bg6 16. Qa3 Qc7 17. Bh3 c5 18. Nf3 Rcd8 19. Qe3 Be4 20. b3 Bb7 21.
Qf4 Qe7 22. Bg2 h6 23. Qe3 Qc7 24. Nh4 Bxg2 25. Nxg2 Rd7 26. Qd3 cxd4 27. Qxd4
Rc8 28. Qb2 Qb7 29. Ne3 d5 30. cxd5 Rxc1 31. Rxc1 Nxd5 32. Nc4 Nf6 33. Qe5 Qc7
34. Qb2 Qd8 35. Qc2 Qc7 36. Qb1 Rd8 37. Na5 Qd7 38. Nc6 Re8 39. Ne5 Kh8 40. Qb2
Qb7 41. Qd4 Kg8 42. Qd6 Qa6 43. Rc2 Qa5 44. Kg2 Qe1 45. Qc7 Rf8 46. Qxa7 Ne4
47. Qxb6 Nd2 48. h4 Qf1+ 49. Kh2 Qxe2 50. Kh3 Qf1+ 51. Kh2 Qe2 52. Kh3 Qf1+ 53.
Kh2 1/2-1/2

[Event "España tch 1A 2011"]
[Site "Sabadell ESP"]
[Date "2011.09.01"]
[Round "4.2"]
[White "Martinez Villar, Jesus"]
[Black "Fernandez Romero, Ernesto"]
[Result "0-1"]
[WhiteElo "2096"]
[BlackElo "2479"]
[PlyCount "68"]
[EventDate "2011.08.29"]
[EventType "team"]
[EventRounds "5"]
[EventCountry "ESP"]
[Source "lmi"]
[SourceDate "2011.08.29"]
[WhiteTeam "CLUB AJEDREZ DE SILLA"]
[BlackTeam "C.A.  BINISSALEM"]

1. d4 c5 2. d5 e5 3. Nc3 d6 4. e4 Nf6 5. Bb5+ Nbd7 6. a4 Be7 7. Nf3 O-O 8. O-O
Ne8 9. Be3 g6 10. Bh6 Ng7 11. Qd2 Nf6 12. h3 Kh8 13. a5 a6 14. Bd3 Bd7 15. Na4
c4 16. Bxc4 Nxe4 17. Qe2 Bxa4 18. Rxa4 f5 19. Ra3 Rc8 20. Ba2 Re8 21. c4 Ng5
22. Bxg5 Bxg5 23. Nxg5 Qxg5 24. b4 Nh5 25. Kh1 e4 26. Qb2+ Kg8 27. c5 Nf4 28.
Rg3 Nd3 29. Qd4 Qe7 30. f3 Nf4 31. fxe4 Ne2 32. Qf2 Nxg3+ 33. Qxg3 Qxe4 34.
Qxd6 Qe2 0-1

[Event "España tch 1A 2011"]
[Site "Sabadell ESP"]
[Date "2011.09.01"]
[Round "4.3"]
[White "Mirzoev, Azer"]
[Black "Penades Ordaz, Victor"]
[Result "1-0"]
[WhiteElo "2415"]
[BlackElo "2086"]
[PlyCount "78"]
[EventDate "2011.08.29"]
[EventType "team"]
[EventRounds "5"]
[EventCountry "ESP"]
[Source "lmi"]
[SourceDate "2011.08.29"]
[WhiteTeam "C.A.  BINISSALEM"]
[BlackTeam "CLUB AJEDREZ DE SILLA"]

1. d4 Nf6 2. c4 g6 3. Nc3 Bg7 4. e4 d6 5. f3 c6 6. Be3 Nbd7 7. Qd2 h5 8. Nh3 b6
9. Nf2 Qc7 10. Be2 a6 11. O-O c5 12. d5 O-O 13. f4 Rb8 14. a4 Nh7 15. h3 Ndf6
16. Nd3 Bd7 17. f5 gxf5 18. exf5 b5 19. Nf4 b4 20. Nd1 Bxf5 21. Nxh5 Nxh5 22.
Bxh5 Qd7 23. Nf2 Nf6 24. Bf3 e6 25. Bh6 exd5 26. cxd5 Rfe8 27. h4 Bh8 28. Qf4
Re5 29. Rad1 Kh7 30. Bg5 Ng8 31. g4 Bc2 32. Rd2 b3 33. Be4+ Bxe4 34. Nxe4 Rb7
35. Qf3 Qxa4 36. Nxd6 Rd7 37. Nxf7 Re8 38. Qf5+ Kg7 39. Bh6+ Nxh6 1-0

[Event "España tch 1A 2011"]
[Site "Sabadell ESP"]
[Date "2011.09.01"]
[Round "4.4"]
[White "Leon Colan, Carlos Edmundo"]
[Black "Mascaro March, Pedro"]
[Result "0-1"]
[WhiteElo "1981"]
[BlackElo "2413"]
[PlyCount "88"]
[EventDate "2011.08.29"]
[EventType "team"]
[EventRounds "5"]
[EventCountry "ESP"]
[Source "lmi"]
[SourceDate "2011.08.29"]
[WhiteTeam "CLUB AJEDREZ DE SILLA"]
[BlackTeam "C.A.  BINISSALEM"]

1. d4 Nf6 2. Nf3 d5 3. e3 c5 4. Ne5 e6 5. c3 Bd6 6. Bb5+ Nbd7 7. f4 O-O 8. O-O
Ne4 9. Nd2 Nxd2 10. Bxd2 f6 11. Nxd7 Bxd7 12. Bxd7 Qxd7 13. Qf3 f5 14. Qe2 c4
15. b4 a5 16. b5 a4 17. g4 Qxb5 18. Rab1 Qc6 19. Rf2 b5 20. Bc1 Rab8 21. a3
fxg4 22. Qxg4 Rf6 23. Rg2 Rg6 24. Qh3 Qe8 25. Ra1 Rxg2+ 26. Qxg2 Qh5 27. Bb2
Rf8 28. Rf1 Rf6 29. Kh1 Rg6 30. Qf3 Qxf3+ 31. Rxf3 Kf7 32. Rg3 Kf6 33. Kg2 Kf5
34. Kf3 Rxg3+ 35. hxg3 h5 36. Bc1 Be7 37. Bb2 g5 38. fxg5 Bxg5 39. Bc1 Bf6 40.
Bb2 e5 41. dxe5 Bxe5 42. Ba1 b4 43. axb4 a3 44. b5 Bc7 0-1

[Event "España tch 1A 2011"]
[Site "Sabadell ESP"]
[Date "2011.09.01"]
[Round "4.1"]
[White "Moskalenko, Viktor"]
[Black "Iturrizaga, Eduardo"]
[Result "0-1"]
[WhiteElo "2591"]
[BlackElo "2603"]
[PlyCount "121"]
[EventDate "2011.08.29"]
[EventType "team"]
[EventRounds "5"]
[EventCountry "ESP"]
[Source "lmi"]
[SourceDate "2011.08.29"]
[WhiteTeam "ESCOLA D,ESCACS DE BARCELONA"]
[BlackTeam "EQUIGOMA - CASA SOCIAL CATOLICA"]

1. d4 Nf6 2. c4 e6 3. Nc3 Bb4 4. f3 d5 5. a3 Bxc3+ 6. bxc3 c5 7. cxd5 Nxd5 8.
dxc5 Qa5 9. e4 Nf6 10. Be3 O-O 11. Qb3 Nfd7 12. Rd1 Qc7 13. Qb4 Nc6 14. Qa4 Na5
15. Bb5 Nxc5 16. Bxc5 Qxc5 17. Qxa5 a6 18. Qb4 Qxb5 19. Ne2 Bd7 20. Nd4 Qxb4
21. cxb4 Ba4 22. Rd2 Rac8 23. Ne2 Rc4 24. Kf2 Rfc8 25. Rb1 Kf8 26. Rbb2 Ke7 27.
h4 g6 28. Rd3 h5 29. g3 Bb5 30. Rdd2 e5 31. Ra2 f6 32. a4 Bd7 33. Rdb2 b6 34.
a5 b5 35. Ke3 g5 36. Ra1 g4 37. fxg4 hxg4 38. Ra3 Bc6 39. Nc3 Bb7 40. Nd5+ Bxd5
41. exd5 f5 42. Rf2 Rxb4 43. Kd2 Kf6 44. d6 Rbc4 45. Kd3 Rd8 46. d7 Rd4+ 47.
Kc3 Ke6 48. Kb2 Rc4 49. Rd3 Rc7 50. Kb3 Kf6 51. h5 Ke6 52. Rdd2 Rcxd7 53. Rxd7
Rxd7 54. h6 Rh7 55. Rc2 f4 56. gxf4 exf4 57. Rc6+ Kf5 58. Rxa6 g3 59. Ra8 f3
60. Rb8 g2 61. a6 0-1

[Event "España tch 1A 2011"]
[Site "Sabadell ESP"]
[Date "2011.09.01"]
[Round "4.2"]
[White "Kovalyov, Anton"]
[Black "Oms Pallisse, Josep"]
[Result "1-0"]
[WhiteElo "2612"]
[BlackElo "2489"]
[PlyCount "71"]
[EventDate "2011.08.29"]
[EventType "team"]
[EventRounds "5"]
[EventCountry "ESP"]
[Source "lmi"]
[SourceDate "2011.08.29"]
[WhiteTeam "EQUIGOMA - CASA SOCIAL CATOLICA"]
[BlackTeam "ESCOLA D,ESCACS DE BARCELONA"]

1. c4 e5 2. Nc3 Nc6 3. g3 Bc5 4. Bg2 d6 5. e3 a6 6. Nge2 Ba7 7. b3 h5 8. h3 h4
9. g4 f5 10. gxf5 Bxf5 11. Nd5 Nf6 12. Nec3 Nxd5 13. Bxd5 Qd7 14. Qf3 O-O-O 15.
Ba3 Rdf8 16. Be4 g6 17. Qg2 Kb8 18. O-O-O Nd8 19. Rh2 c6 20. Bc2 Ne6 21. Ne4
Nc5 22. d3 Rhg8 23. Qg5 Qd8 24. Qxd8+ Rxd8 25. Ng5 Rge8 26. Nf3 Rh8 27. d4 Bxc2
28. Kxc2 Ne4 29. dxe5 dxe5 30. Rxd8+ Rxd8 31. Be7 Rd7 32. Bxh4 Bb6 33. Rg2 Ba5
34. Rg4 Nxf2 35. Bxf2 Rf7 36. Be1 1-0

[Event "España tch 1A 2011"]
[Site "Sabadell ESP"]
[Date "2011.09.01"]
[Round "4.3"]
[White "Cruz, Cristhian"]
[Black "Hernando Pertierra, Jose C"]
[Result "1/2-1/2"]
[WhiteElo "2470"]
[BlackElo "2397"]
[PlyCount "132"]
[EventDate "2011.08.29"]
[EventType "team"]
[EventRounds "5"]
[EventCountry "ESP"]
[Source "lmi"]
[SourceDate "2011.08.29"]
[WhiteTeam "ESCOLA D,ESCACS DE BARCELONA"]
[BlackTeam "EQUIGOMA - CASA SOCIAL CATOLICA"]

1. d4 g6 2. c4 Bg7 3. Nc3 c5 4. d5 Bxc3+ 5. bxc3 Qa5 6. Bd2 Nf6 7. Qc2 d6 8. e4
O-O 9. Nf3 Nbd7 10. h3 a6 11. a4 Ne5 12. Nd4 Qc7 13. Nb3 Re8 14. f4 Ned7 15.
Bd3 e5 16. dxe6 fxe6 17. O-O e5 18. f5 Nh5 19. Rf3 gxf5 20. Rxf5 Ng7 21. Rf2
Nf8 22. Bh6 Ng6 23. Nd2 Be6 24. Nf1 Qe7 25. Ne3 Qh4 26. Nf5 Bxf5 27. exf5 Nxf5
28. Bxf5 Qxh6 29. Bxg6 Qxg6 30. Qxg6+ hxg6 31. Rf6 Kg7 32. Rxd6 Re7 33. Rb1 Rf8
34. Rbb6 Rf4 35. Rxg6+ Kf7 36. Rh6 Rxc4 37. Rh7+ Ke8 38. Rxe7+ Kxe7 39. Rxb7+
Ke6 40. Rb6+ Kf5 41. Rxa6 Rxc3 42. a5 e4 43. Ra8 Ra3 44. a6 Kf4 45. h4 c4 46.
a7 Ke3 47. Kh2 c3 48. Rc8 Rxa7 49. Rxc3+ Kd2 50. Rc8 e3 51. Rd8+ Kc2 52. Re8
Kd2 53. Rd8+ Kc2 54. Re8 Kd2 55. g4 e2 56. Kg3 e1=Q+ 57. Rxe1 Kxe1 58. h5 Ke2
59. h6 Ke3 60. g5 Ke4 61. Kg4 Rb7 62. g6 Ra7 63. h7 Rb7 64. Kh5 Kf5 65. Kh6 Rb1
66. h8=Q Rh1+ 1/2-1/2

[Event "España tch 1A 2011"]
[Site "Sabadell ESP"]
[Date "2011.09.01"]
[Round "4.4"]
[White "Gonzalez De La Nava, Amador"]
[Black "Gual Pascual, Antonio"]
[Result "1/2-1/2"]
[WhiteElo "2297"]
[BlackElo "2436"]
[PlyCount "137"]
[EventDate "2011.08.29"]
[EventType "team"]
[EventRounds "5"]
[EventCountry "ESP"]
[Source "lmi"]
[SourceDate "2011.08.29"]
[WhiteTeam "EQUIGOMA - CASA SOCIAL CATOLICA"]
[BlackTeam "ESCOLA D,ESCACS DE BARCELONA"]

1. d4 g6 2. e4 Bg7 3. Nc3 d6 4. Nge2 c6 5. a4 a5 6. g3 Nf6 7. Bg2 O-O 8. O-O
Na6 9. h3 e5 10. Be3 Qc7 11. Qd2 Nb4 12. Rad1 Be6 13. f4 Bc4 14. Rfe1 Rfe8 15.
b3 Ba6 16. g4 Rad8 17. Ng3 exf4 18. Bxf4 c5 19. d5 c4 20. bxc4 Bxc4 21. Kh1 Nd7
22. Nge2 Bxe2 23. Nxe2 Ne5 24. Nd4 Nc4 25. Qf2 Nb2 26. Ra1 Qc3 27. Nb5 Qxc2 28.
Re2 N2d3 29. Qf1 Qxe2 30. Qxe2 Nxf4 31. Qf1 Nxg2 32. Kxg2 Bxa1 33. Qxa1 Rxe4
34. Qf6 Rf8 35. Nxd6 Nxd5 36. Qg5 Re6 37. Nf5 Rfe8 38. Nh6+ Kg7 39. Qxd5 Kxh6
40. Qxa5 Re2+ 41. Kf1 Re1+ 42. Kf2 R8e2+ 43. Kf3 Re3+ 44. Kf2 R1e2+ 45. Kf1 Rh2
46. Qc7 Rhxh3 47. Qxb7 Rhf3+ 48. Kg2 Rg3+ 49. Kf2 Ra3 50. Qxf7 Kg5 51. Qxh7
Rgf3+ 52. Ke2 Rfe3+ 53. Kf2 Rf3+ 54. Ke2 Rae3+ 55. Kd2 Rh3 56. Qg7 Ref3 57. Ke2
Re3+ 58. Kf2 Re4 59. Qd7 Rf4+ 60. Kg2 Re3 61. a5 Rxg4+ 62. Kf2 Reg3 63. Qd8+
Kf5 64. Qd5+ Kf4 65. Qd6+ Kf5 66. Qxg3 Rxg3 67. Kxg3 Ke5 68. Kf3 Kd5 69. Kg3
1/2-1/2

[Event "España tch 1A 2011"]
[Site "Sabadell ESP"]
[Date "2011.09.01"]
[Round "4.1"]
[White "Gyimesi, Zoltan"]
[Black "Alsina Leal, Daniel"]
[Result "1/2-1/2"]
[WhiteElo "2646"]
[BlackElo "2549"]
[PlyCount "112"]
[EventDate "2011.08.29"]
[EventType "team"]
[EventRounds "5"]
[EventCountry "ESP"]
[Source "lmi"]
[SourceDate "2011.08.29"]
[WhiteTeam "MERIDA PATRIMONIO - AJOBLANCO"]
[BlackTeam "UNIO GRACIENCA D'ESCACS"]

1. d4 Nf6 2. c4 g6 3. Nc3 d5 4. Nf3 Bg7 5. Qb3 dxc4 6. Qxc4 O-O 7. e4 Nc6 8.
Be2 Bg4 9. d5 Na5 10. Qb4 Bxf3 11. Bxf3 c6 12. O-O Qb6 13. Qa4 Nd7 14. Qb4 Nf6
15. Qa4 Nd7 16. Rd1 Rfd8 17. Qc2 Rac8 18. Be3 Qc7 19. Rac1 Nc4 20. Qe2 Nxe3 21.
Qxe3 Qb6 22. Qxb6 Nxb6 23. dxc6 Rxd1+ 24. Nxd1 Rxc6 25. Rxc6 bxc6 26. Be2 Bd4
27. Kf1 Kf8 28. Ba6 Ke8 29. f3 e5 30. Ke2 Kd7 31. Kd3 Kd6 32. Bc4 f6 33. Bg8 h6
34. Bf7 g5 35. Nc3 Kc5 36. b3 Bxc3 37. Kxc3 a5 38. a3 Nc8 39. Bc4 Nd6 40. Bd3
h5 41. Be2 h4 42. Bd3 Nf7 43. Bc4 Nh8 44. b4+ axb4+ 45. axb4+ Kd6 46. Kd3 Ng6
47. Ke3 Nf4 48. g3 hxg3 49. hxg3 Ng6 50. Bf7 Ne7 51. f4 gxf4+ 52. gxf4 Nc8 53.
fxe5+ fxe5 54. Bc4 Nb6 55. Bb3 c5 56. bxc5+ Kxc5 1/2-1/2